书目信息 |
| 题名: |
时新杭州菜
|
|
| 作者: | 赵建芳 , 赵建芳 编著 | |
| 分册: | ||
| 出版信息: | 北京 农村读物出版社 2003 |
|
| 页数: | 119页 | |
| 开本: | 20cm | |
| 丛书名: | ||
| 单 册: | ||
| 中图分类: | TS972.182.55 | |
| 科图分类: | ||
| 主题词: | 菜谱--杭州市 | |
| 电子资源: | ||
| ISBN: | 7-5048-3992-2 | |
| 000 | 00939nam0 2200301 450 | |
| 000 | 00904nam0 2200289 450 | |
| 000 | 00867nam0 2200277 450 | |
| 000 | 00771nam0 2200265 450 | |
| 000 | 00734nam0 2200253 450 | |
| 000 | 00667nam0 2200229 450 | |
| 001 | 0104000024 | |
| 005 | 20061012100539.31 | |
| 010 | @a7-5048-3992-2@dCNY20.00 | |
| 100 | @a20051124d2003 em y0chiy0110 ea | |
| 101 | 0 | @achi |
| 102 | @aCN@b110000 | |
| 105 | @aa z 000yy | |
| 200 | 1 | @a时新杭州菜@Ashi xin hang zhou cai@f赵建芳编著@Fzhao jian fang bian zhu@g王涤寰摄影 |
| 210 | @a北京@c农村读物出版社@d2003 | |
| 215 | @a119页@c图@d20cm | |
| 606 | 0 | @a菜谱@y杭州市 |
| 690 | @aTS972.182.55@v4 | |
| 701 | 0 | @a赵建芳@9zhao jian fang@4编著 |
| 701 | 0 | @a赵建芳@Azhao jian fang@4编著 |
| 801 | 0 | @aCN@b北京荣雅伟业图书经销中心@c20061012 |
| 905 | @aBZT@dTS972.182.55@e1 | |
| 906 | @dCNY20.00@n0@r1 | |
| 时新杭州菜/赵建芳编著/王涤寰摄影.-北京:农村读物出版社,2003 |
| 119页:图;20cm |
| ISBN 7-5048-3992-2:CNY20.00 |
| ● |
| 相关链接 |
|
|
|
正题名:时新杭州菜
索取号:TS972.182.55/1
 
预约/预借
| 序号 | 登录号 | 条形码 | 馆藏地/架位号 | 状态 | 备注 |
| 1 | 498131 | 230017545 | 中心书库中库/ 中库024架A面6列1层77/ [索取号:TS972.182.55/1] | 在馆 | |
| 2 | 498132 | 230017544 | 中心书库中库/ 中库024架A面1列6层15/ [索取号:TS972.182.55/1] | 在馆 | |
| 3 | 498133 | 230017543 | 中心书库中库/ 中库024架A面6列1层79/ [索取号:TS972.182.55/1] | 在馆 | |
| 4 | 498134 | 230017542 | 中心书库中库/ 中库024架A面6列1层78/ [索取号:TS972.182.55/1] | 在馆 | |
| 5 | 498135 | 230017541 | 中心书库中库/ 中库024架A面6列1层76/ [索取号:TS972.182.55/1] | 在馆 |